000 00377nam a2200145Ia 4500
008 230312s9999||||xx |||||||||||||| ||und||
082 _a005.4
_bSIL-O
100 _aSilberschatz Abraham
245 0 _aOperating System Concepts
260 _bAddison Wesley
_aEngland
_c1998
300 _a888
546 _aEng.
650 _aComputer
_vIntroduction , Computer system
942 _cBK
999 _c6750
_d6750